Statistics for Top Countries by Wine-Consumption Per Capita

Click here to take the quiz!

General Stats

  • This quiz has been taken 49 times
  • The average score is 9 of 10

Answer Stats

LitresAnswer% Correct
46.9France
100%
46.2Italy
100%
27.5Spain
100%
51.9Portugal
95%
26.2Germany
90%
30.6Austria
86%
26.0Belgium
81%
26.1Netherlands
79%
35.3Switzerland
76%
28.7Australia
64%

Score Distribution

Percentile by Number Answered

Percent of People with Each Score

Your Score History

You have not taken this quiz